• 首页
  • 本馆介绍
  • 公告通知
  • 最新文献
  • 馆藏检索
  • 电子资源
  • 读者导购
  • 参考咨询
  • 我的图书馆
  • 登录
  • 详细信息显示
  • 放入我的书架
  • 预约/预借图书
  • 作者相关作品
  • 分类相关作品
  • 丛书相关作品
  • 出版社相关作品

书目信息

  • 表格格式
  • 工作单格式
  • 卡片格式
题名:
傅雷谈音乐
    
 
作者: 傅雷 著 ;傅敏 编
分册:  
出版信息: 长沙   湖南文艺出版社  2002
页数: 316页
开本: 20cm
丛书名:
单 册:
中图分类: J03
科图分类:
主题词: 音乐学--文集 , 艺术--工作人员
电子资源:
ISBN: 7-5404-2785-X
000 00852nam0 2200253 450
001 1231999532
005 20121019085356.78
010    @a7-5404-2785-X@dCNY23.00
100    @a20021005d2002 em y0chiy0110 ea
101 0  @achi
102    @aCN@b430000
105    @aa z 000yd
200 1  @a傅雷谈音乐@Afu lei tan yin yue@f傅雷著@g傅敏编
210    @a长沙@c湖南文艺出版社@d2002
215    @a316页@c照片@d20cm
330    @a本书包括:“音乐述评”、“音乐赏析”、“音乐书简”、“与傅聪谈音乐”四部分内容,收有:《贝多芬的作品及其精神》、《莫扎特作品音乐会的乐曲说明》、《致夏衍》等文章。
510 1  @aFu Lei's Talk on Music@zeng
606 0  @a音乐学@j文集
606 0  @a艺术@x工作人员
690    @aJ03@v4
701  0 @a傅雷@Afu lei@f(1908~1966)@4著
702  0 @a傅敏@Afu min@f(1937.4~)@4编
801  0 @aCN@bNLC@c20101222
905    @a10447@dJ03@eJY25
    
    傅雷谈音乐/傅雷著/傅敏编.-长沙:湖南文艺出版社,2002
    316页:照片;20cm
    
    
    ISBN 7-5404-2785-X:CNY23.00
    本书包括:“音乐述评”、“音乐赏析”、“音乐书简”、“与傅聪谈音乐”四部分内容,收有:《贝多芬的作品及其精神》、《莫扎特作品音乐会的乐曲说明》、《致夏衍》等文章。
●
相关链接 在E读中查询图书 在五车中查询图书 在当当中查询图书 在豆瓣中查询图书


正题名:傅雷谈音乐     索取号:J03/JY25         预约/预借

序号 登录号 条形码 馆藏地/架位号 状态 备注
1 7833740   278337408   学院路分馆/ [索取号:J03/JY25] 在馆    
2 7833741   278337417   学院路分馆/ [索取号:J03/JY25] 在馆    
3 7833742   278337426   学院路分馆/ [索取号:J03/JY25] 在馆    
4 7833743   278337435   学院路分馆/ [索取号:J03/JY25] 在馆    
唐山师范学院图书馆 欢迎您!
大连网信软件有限公司© 版权所有